000 00729nam a2200253Ia 4500
003 OSt
005 20220927105501.0
006 a|||||r|||| 00| 0
007 ta
008 220926b |||||||| |||| 00| 0 eng d
024 _a173527
037 _cReference Collections
040 _aRTL
_cRTL
_beng
041 _2eng
_aeng
082 _a"V2,31p.N83, M3.127-15"
110 _a"INDIA, RAJYA SABHA."
_9372910
245 0 _aRajya sabha; Official report.
260 _aNew
_bDelhi Rajya Sabha Secretariat.
_c1983
300 _a324p.
_ccm.
490 _v"Vol.127, No.15"
700 _a"INDIA, RAJYA SABHA."
_9372911
942 _h"V2,31p.N83, M3.127-15"
_cCC
999 _c692818
_d692818